Normal view
MARC view
Entry Personal Name
001 - CONTROL NUMBER
- control field: 40611
003 - CONTROL NUMBER IDENTIFIER
- control field: OSt
005 - DATE AND TIME OF LATEST TRANSACTION
- control field: 20211105154812.0
008 - FIXED-LENGTH DATA ELEMENTS
- fixed length control field: 211105|| aca||aabn | a|a d
040 ## - CATALOGING SOURCE
- Original cataloging agency: OSt
- Transcribing agency: OSt
100 ## - HEADING--PERSONAL NAME
- Personal name: Mendez, Mariano, ed
670 ## - SOURCE DATA FOUND
- Source citation: Work cat.: (OSt): Zhang, Chenmin, ed. 40610, Feeding Compact Objects: Accretion on All Scales, 2013